Managing innovation and new product development : (Record no. 195204)
[ view plain ]
| 000 -LEADER | |
|---|---|
| fixed length control field | 00795nam a2200229Ia 4500 |
| 005 - DATE AND TIME OF LATEST TRANSACTION | |
| control field | 20220323112123.0 |
| 008 - FIXED-LENGTH DATA ELEMENTS--GENERAL INFORMATION | |
| fixed length control field | 210716s2009 xx 000 0 und d |
| 020 ## - INTERNATIONAL STANDARD BOOK NUMBER | |
| International Standard Book Number | 9788120337275 |
| 040 ## - CATALOGING SOURCE | |
| Transcribing agency | AIMIT LIBRARY |
| 041 ## - LANGUAGE CODE | |
| Language code of text/sound track or separate title | eng |
| 082 ## - DEWEY DECIMAL CLASSIFICATION NUMBER | |
| Classification number | 658.575 |
| Edition number | 1 |
| Item number | CHAM |
| 100 ## - MAIN ENTRY--PERSONAL NAME | |
| Personal name | Chaturvedi, Mukesh. |
| 9 (RLIN) | 25244 |
| 245 ## - TITLE STATEMENT | |
| Title | Managing innovation and new product development : |
| Remainder of title | concepts and cases / |
| Statement of responsibility, etc. | By Mukesh Chaturvedi, Aseem Kumar and Manmohan Rahul. |
| 250 ## - EDITION STATEMENT | |
| Edition statement | 1st ed. |
| 260 ## - PUBLICATION, DISTRIBUTION, ETC. | |
| Place of publication, distribution, etc. | New Delhi : |
| Name of publisher, distributor, etc. | PHI Learning Pvt Ltd , |
| Date of publication, distribution, etc. | 2009. |
| 300 ## - PHYSICAL DESCRIPTION | |
| Extent | Xix, 271p. ; |
| Dimensions | 24 cm. |
| 650 ## - SUBJECT ADDED ENTRY--TOPICAL TERM | |
| Topical term or geographic name entry element | Innovations management process |
| 9 (RLIN) | 25245 |
| 650 ## - SUBJECT ADDED ENTRY--TOPICAL TERM | |
| Topical term or geographic name entry element | Organizing for new product development |
| 9 (RLIN) | 25246 |
| 700 ## - ADDED ENTRY--PERSONAL NAME | |
| Personal name | Kumar, Aseem. |
| 9 (RLIN) | 25247 |
| 700 ## - ADDED ENTRY--PERSONAL NAME | |
| Personal name | Rahul, Manmohan. |
| 9 (RLIN) | 25248 |
| 942 ## - ADDED ENTRY ELEMENTS (KOHA) | |
| Source of classification or shelving scheme | Dewey Decimal Classification |
| Koha item type | Book |
| Edition | 1st |
| Call number prefix | 658.575 CHAM |
| Withdrawn status | Lost status | Source of classification or shelving scheme | Damaged status | Not for loan | Collection code | Home library | Current library | Source of acquisition | Cost, normal purchase price | Inventory number | Total Checkouts | Full call number | Barcode | Date last seen | Cost, replacement price | Price effective from | Koha item type | Date acquired | Date last checked out |
|---|---|---|---|---|---|---|---|---|---|---|---|---|---|---|---|---|---|---|---|
| Dewey Decimal Classification | MCA | St Aloysius Institute of Management & Information Technology | St Aloysius Institute of Management & Information Technology | Knowledge World | 275.00 | Bill no:218; Bill dt:2016-03-04 | 658.575 CHAM | MCA14713 | 05/23/2026 | 206.25 | 07/16/2021 | Book | |||||||
| Dewey Decimal Classification | MBA | St Aloysius Institute of Management & Information Technology | St Aloysius Institute of Management & Information Technology | 275.00 | Bill no:1127; Bill dt:2013-01-22 | 1 | 658.575 CHAM | MBA10385 | 05/23/2026 | 206.25 | 07/16/2021 | Book | 01/23/2013 | 03/23/2022 | |||||
| Dewey Decimal Classification | MBA | St Aloysius Institute of Management & Information Technology | St Aloysius Institute of Management & Information Technology | 275.00 | Bill no:229; Bill dt:2013-01-31 | 658.575 CHAM | MBA10392 | 05/23/2026 | 206.25 | 07/16/2021 | Book | 02/01/2013 | |||||||
| Dewey Decimal Classification | MBA | St Aloysius Institute of Management & Information Technology | St Aloysius Institute of Management & Information Technology | 275.00 | Bill no:229; Bill dt:2013-01-31 | 658.575 CHAM | MBA10393 | 05/23/2026 | 206.25 | 07/16/2021 | Book | 02/01/2013 | |||||||
| Dewey Decimal Classification | MBA | St Aloysius Institute of Management & Information Technology | St Aloysius Institute of Management & Information Technology | 275.00 | Bill no:229; Bill dt:2013-01-31 | 658.575 CHAM | MBA10394 | 05/23/2026 | 206.25 | 07/16/2021 | Book | 02/01/2013 | |||||||
| Dewey Decimal Classification | MBA | St Aloysius Institute of Management & Information Technology | St Aloysius Institute of Management & Information Technology | 275.00 | Bill no:229; Bill dt:2013-01-31 | 658.575 CHAM | MBA10395 | 05/23/2026 | 206.25 | 07/16/2021 | Book | 02/01/2013 |